000 00536nam a22001577a 4500
003 macl
005 20190811132039.0
008 190811b xxu||||| |||| 00| 0 eng d
040 _cmacl
082 _a800
100 _aसराेहा ,भावना
_976219
245 _aकथा साहित्‍य , सिनेमा और वृद्ध जीवन
260 _aदिल्‍ली
_bकल्‍पना प्रकाशन
_c2018
650 _aकथा साहित्‍य
_9191
942 _2ddc
_cHIN
999 _c60725
_d60725